Theories esthetiques apres Adorno (Record n. 91053)
[ formato base ]
| 000 -LEADER | |
|---|---|
| fixed length control field | 01016nam a2200313Ia 4500 |
| 001 - CONTROL NUMBER | |
| control field | 88989 |
| 003 - CONTROL NUMBER IDENTIFIER | |
| control field | IT-RoPAU |
| 008 - FIXED-LENGTH DATA ELEMENTS--GENERAL INFORMATION | |
| fixed length control field | 130308s9999 xx 000 0 und d |
| 040 ## - CATALOGING SOURCE | |
| Original cataloging agency | IT-RoPAU |
| 040 ## - CATALOGING SOURCE | |
| Transcribing agency | IT-RoPAU |
| 041 ## - LANGUAGE CODE | |
| Language code of text/sound track or separate title | FRANCESE |
| 100 ## - MAIN ENTRY--PERSONAL NAME | |
| Personal name | AA.VV. |
| 100 ## - MAIN ENTRY--PERSONAL NAME | |
| Miscellaneous information | Codice Aut. SPICS: 12000 |
| 245 ## - TITLE STATEMENT | |
| Title | Theories esthetiques apres Adorno |
| 245 ## - TITLE STATEMENT | |
| Remainder of title | Theories Esthetiques Apres Adorno |
| 250 ## - EDITION STATEMENT | |
| Edition statement | 1a ed. |
| 260 ## - PUBLICATION, DISTRIBUTION, ETC. (IMPRINT) | |
| Place of publication, distribution, etc. | ARLES (Francia) |
| 260 ## - PUBLICATION, DISTRIBUTION, ETC. (IMPRINT) | |
| Name of publisher, distributor, etc. | Actes Sud |
| 260 ## - PUBLICATION, DISTRIBUTION, ETC. (IMPRINT) | |
| Date of publication, distribution, etc. | 1990 [1° Ed.:1990 - Ed.Ling.Originale:1990] |
| 300 ## - PHYSICAL DESCRIPTION | |
| Extent | "302 p. (prefazione: no ; testo: 302 [pagine: 0-0])" |
| 500 ## - GENERAL NOTE | |
| General note | Teorie Estetiche Dopo Adorno Introduzione e cura di Rainer Rochlitz Saggi di 5 Autori che Hanno Animato Il Dibattito Sull'Eredità di Adorno nel Corso degli Anni 1970 1980 Bibliografia |
| 650 ## - SUBJECT ADDED ENTRY--TOPICAL TERM | |
| Topical term or geographic name as entry element | TEORIA/LINGUAGGI DI ICONOLOGIA |
| 650 ## - SUBJECT ADDED ENTRY--TOPICAL TERM | |
| Relator term | Codice materia Spics: 5153 |
| 700 ## - ADDED ENTRY--PERSONAL NAME | |
| Personal name | Rochlitz Rainer |
| 700 ## - ADDED ENTRY--PERSONAL NAME | |
| Miscellaneous information | Codice Aut. SPICS: 15129 |
| 942 ## - ADDED ENTRY ELEMENTS (KOHA) | |
| Koha item type | LIBRO |
| 957 ## - | |
| -- | 1 |
| 999 ## - SYSTEM CONTROL NUMBERS (KOHA) | |
| -- | 1 |
| Withdrawn status | Lost status | Damaged status | Not for loan | Home library | Current library | Date acquired | Total Checkouts | Full call number | Date last seen | Price effective from | Koha item type | Public note |
|---|---|---|---|---|---|---|---|---|---|---|---|---|
| Buone Condizioni | Not For Loan | SPICS-MEDIATECA | SPICS-MEDIATECA | 08/03/2013 | 88989 | 08/03/2013 | 08/03/2013 | LIBRO | Progressivo inserimento: 23459 / N. Volumi: 1 Copie: 1 / data import: 1 marzo 2013 - By Epidotti, Trombetti, Vaglietti. |